Gesang der Parzen von Goethe : Op. 89 : für sechsstimmigen Chor und Orchester : bearbeitung für Clavier zu vier Händen /
| Main Author: | Brahms, Johannes, 1833-1897 |
|---|---|
| Other Authors: | Goethe, Johann Wolfgang von, 1749-1832 |
| Language: | German English |
| Published: |
Berlin : N. Simrock, 1883 |
| Physical Description: |
1 partitura (15 s.) |
| Language note: |
Souběžný anglický text |
| LEADER | 00904ncm a22002412a 4500 | ||
|---|---|---|---|
| 001 | 001277815 | ||
| 003 | CZ BrMZK | ||
| 005 | 20150812090730.0 | ||
| 007 | qu | ||
| 008 | 130206s1883 gw |||||||||||||||||ger d | ||
| 040 | |a BOA001 |b cze | ||
| 041 | 0 | |a ger |a eng | |
| 072 | 7 | |a 784 |x Vokální hudba |2 Konspekt |9 9 | |
| 100 | 1 | |a Brahms, Johannes, |d 1833-1897 |7 jn19990001019 |4 cmp | |
| 245 | 1 | 0 | |a Gesang der Parzen |h [hudebnina] : |b von Goethe : Op. 89 : für sechsstimmigen Chor und Orchester : bearbeitung für Clavier zu vier Händen / |c von Johannes Brahms |
| 260 | |a Berlin : |b N. Simrock, |c 1883 | ||
| 300 | |a 1 partitura (15 s.) | ||
| 546 | |a Souběžný anglický text | ||
| 700 | 1 | |a Goethe, Johann Wolfgang von, |d 1749-1832 |7 jn19990002740 |4 lyr | |
| 910 | |a BOA001 |b Mus4-0205.549 | ||
| 990 | |a MU | ||
| 991 | |b 201302 | ||
| 996 | 6 | |b 2619518636 |c Mus4-0205.549 |l MZK |r Sklad / do 1 hodiny |n 0 |p W |w 001312103 |u 000010 |a 1 |e BOA001 |j MZK50 |s P | |
English
Čeština 